Online katalóg knižníc regiónu Turca

Polnočný denník (Record no. 13713)

MARC details
000 -LEADER
fixed length control field 00949nam a2200301 a 4500
001 - CONTROL NUMBER
control field 13713
003 - CONTROL NUMBER IDENTIFIER
control field VRT
005 - DATE AND TIME OF LATEST TRANSACTION
control field 20240905141757.0
008 - FIXED-LENGTH DATA ELEMENTS--GENERAL INFORMATION
fixed length control field 021202s2002 xo 000 j slo c
020 ## - INTERNATIONAL STANDARD BOOK NUMBER
International Standard Book Number 8071456713 (viaz.)
035 ## - SYSTEM CONTROL NUMBER
System control number UKB000317456
040 ## - CATALOGING SOURCE
Original cataloging agency BA001
Language of cataloging slo
Transcribing agency BA001
Description conventions AACR2
041 1# - LANGUAGE CODE
Language code of text/sound track or separate title slo
044 ## - COUNTRY OF PUBLISHING/PRODUCING ENTITY CODE
MARC country code xo
ISO country code SK
080 ## - UNIVERSAL DECIMAL CLASSIFICATION NUMBER
Universal Decimal Classification number 885.4-32
100 1# - MAIN ENTRY--PERSONAL NAME
Personal name Matkin, Maxim E.
245 00 - TITLE STATEMENT
Title Polnočný denník
Remainder of title [prvý slovenský internetový bestseller]
Statement of responsibility, etc. Maxim E. Matkin
260 ## - PUBLICATION, DISTRIBUTION, ETC.
Place of publication, distribution, etc. Bratislava
Name of publisher, distributor, etc. Slovart
Date of publication, distribution, etc. 2002
300 ## - PHYSICAL DESCRIPTION
Extent 174 s
650 07 - SUBJECT ADDED ENTRY--TOPICAL TERM
Topical term or geographic name entry element literatúra slovenská
General subdivision poviedky internetové
650 07 - SUBJECT ADDED ENTRY--TOPICAL TERM
Topical term or geographic name entry element poviedky internetové slovenské
653 ## - INDEX TERM--UNCONTROLLED
Uncontrolled term 885.4-32
910 ## - USER-OPTION DATA (OCLC)
User-option data ukb
942 ## - ADDED ENTRY ELEMENTS (KOHA)
Source of classification or shelving scheme Dewey Decimal Classification
Koha item type Krásna literatúra pre dospelých
Suppress in OPAC No
949 ## - LOCAL PROCESSING INFORMATION (OCLC)
6 1800192818
a 30.D.87356
b KD.767-2002
q 2.9.2019 - popísaná perom.
r 2.9.2019 - poškodená
949 ## - LOCAL PROCESSING INFORMATION (OCLC)
6 1800202231
a SL.D.45289
b PV.9527-2002
949 ## - LOCAL PROCESSING INFORMATION (OCLC)
6 1800202232
a SK.D.14955
b PV.9528-2002
s 6707:20060719
Holdings
Stav vyradenia Strata Poškodenie Spôsob nadobudnutia Domovská knižnica Aktuálna knižnica Dátum nadobudnutia Total checkouts Čiarový kód exemplára Date last seen Typ exemplára
      Dar Obecná knižnica Diaková Obecná knižnica Diaková 05.09.2024   4734500865 05.09.2024 Krásna literatúra pre dospelých
      Dar Obecná knižnica Folkušová Obecná knižnica Folkušová 18.09.2024   4734400374 18.09.2024 Krásna literatúra pre dospelých
Projekt je podporený Slovenskou asociáciou knižníc
Prevádzkuje Turčianska knižnica Martin 2026